000 00334nam a22001097a 4500
999 _c508139
_d508139
082 _aA81x54 In2/81/2 Pap.1-1981
100 _aRao, S.S. Jaya
_93231
245 _aCensus of India 1981: Provision population totals, Andhra Pradesh
260 _aHyderabad
_bGovernment of Andhra Pradesh
_c1983
300 _a38p.
500 _aPaper 1 of 1981